Comentarios al código de trabajo
Uloženo v:
| Hlavní autor: | |
|---|---|
| Korporativní autor: | |
| Médium: | Text |
| Vydáno: |
Heredia:
UNA
|
| Tagy: |
Přidat tag
Žádné tagy, Buďte první, kdo vytvoří štítek k tomuto záznamu!
|
MARC
| LEADER | 00000 a a2200000 04500 | ||
|---|---|---|---|
| 001 | 21527 | ||
| 003 | |||
| 040 | |a CRAI/IIS |c CRAI/IIS | ||
| 090 | |a 095200 | ||
| 100 | |a Benavides Chaverri, Enrique | ||
| 110 | |a Universidad Nacional. Facultad de Ciencis Sociales. Instituto de Estudios del Trabajo. Unidad de Extensión | ||
| 245 | |a Comentarios al código de trabajo | ||
| 260 | |a Heredia: |b UNA | ||
| 300 | |a 52 p. | ||
| 999 | |c 13102 |d 13102 | ||
